Process algebra : (Record no. 18733)
[ view plain ]
| 000 -LEADER | |
|---|---|
| fixed length control field | 01238cam a22003137a 4500 |
| 005 - DATE AND TIME OF LATEST TRANSACTION | |
| control field | 20230613111503.0 |
| 008 - FIXED-LENGTH DATA ELEMENTS--GENERAL INFORMATION | |
| fixed length control field | 100122s2010 enka b 001 0 eng |
| 010 ## - LIBRARY OF CONGRESS CONTROL NUMBER | |
| LC control number | 2010275481 |
| 015 ## - NATIONAL BIBLIOGRAPHY NUMBER | |
| National bibliography number | GBA964672 |
| Source | bnb |
| 016 7# - NATIONAL BIBLIOGRAPHIC AGENCY CONTROL NUMBER | |
| Record control number | 015302175 |
| Source | Uk |
| 020 ## - INTERNATIONAL STANDARD BOOK NUMBER | |
| ISBN | 9780521820493 (hbk.) |
| 035 ## - SYSTEM CONTROL NUMBER | |
| System control number | (OCoLC)ocn318871880 |
| 040 ## - CATALOGING SOURCE | |
| Original cataloging agency | UKM |
| Transcribing agency | UKM |
| Modifying agency | BTCTA |
| -- | YDXCP |
| -- | C#P |
| -- | BWX |
| -- | DLC |
| 042 ## - AUTHENTICATION CODE | |
| Authentication code | lccopycat |
| 082 04 - DEWEY DECIMAL CLASSIFICATION NUMBER | |
| Classification number | 004.0151 |
| Edition number | 22 |
| Item number | BAE-P |
| 100 1# - MAIN ENTRY--AUTHOR | |
| Author Name | Baeten, J. C. M. |
| 245 10 - TITLE STATEMENT | |
| Title | Process algebra : |
| Remainder of title | equational theories of communicating processes / |
| Statement of responsibility, etc. | J.C.M. Baeten, T. Basten, M.A. Reniers. |
| 260 ## - PUBLICATION, DISTRIBUTION, ETC. | |
| Place of Publication | Cambridge ; |
| -- | New York : |
| Name of publisher, distributor, etc. | Cambridge University Press, |
| Date of publication, distribution, etc. | 2010. |
| 300 ## - PHYSICAL DESCRIPTION | |
| Pages | xvi, 460 p. : |
| 490 1# - SERIES STATEMENT | |
| Series Statement | Cambridge tracts in theoretical computer science ; |
| Volume | 50 |
| 504 ## - BIBLIOGRAPHY, ETC. NOTE | |
| Bibliography, etc. note | Includes bibliographical references and indexes. |
| 650 #0 - SUBJECT ADDED ENTRY--TOPICAL TERM | |
| Subject / Department | Parallel processing (Electronic computers) |
| 650 #0 - SUBJECT ADDED ENTRY--TOPICAL TERM | |
| Subject / Department | Electronic data processing |
| General subdivision | Distributed processing. |
| 700 1# - ADDED ENTRY--PERSONAL NAME | |
| Personal name | Basten, Twan. |
| 700 1# - ADDED ENTRY--PERSONAL NAME | |
| Personal name | Reniers, M. A. |
| Dates associated with a name | 1970- |
| 300 ## - PHYSICAL DESCRIPTION | |
| -- | ill. ; |
| -- | 24 cm. |
| 906 ## - LOCAL DATA ELEMENT F, LDF (RLIN) | |
| a | 7 |
| b | cbc |
| c | copycat |
| d | 2 |
| e | ncip |
| f | 20 |
| g | y-gencatlg |
| 952 ## - LOCATION AND ITEM INFORMATION (KOHA) | |
| -- | 0 |
| -- | 0 |
| Lost status | Damaged status | Permanent Location | Current Location | Shelving Location | Date acquired | Full Call Number | Accession No./Barcode | Date last seen | item type |
|---|---|---|---|---|---|---|---|---|---|
| Superior Information Resource Center (SIRC) Superior University- Gold Campus | Superior Information Resource Center (SIRC) Superior University- Gold Campus | Electronic Data | 06/13/2023 | 004.015 BAE-P 2010 | 19313 | 06/13/2023 | BOOK |
